[Event "Carlos Torre Memorial op 15th"]
[Site "Merida"]
[Date "2002.12.15"]
[Round "3"]
[White "Mitkov, Nikola"]
[Black "Milov, Vadim"]
[Result "0-1"]
[WhiteElo "2529"]
[BlackElo "2620"]
[Annotator "Milov,V"]
[PlyCount "98"]
[EventDate "2002.12.13"]
[EventType "swiss"]
[EventRounds "9"]
[EventCountry "MEX"]
[SourceTitle "CBM 092"]
[Source "ChessBase"]
[SourceDate "2003.02.06"]
[SourceVersion "1"]
[SourceVersionDate "2003.02.06"]
[SourceQuality "1"]

1. e4 c5 2. Nf3 Nc6 3. Nc3 d6 4. d4 cxd4 5. Nxd4 Nf6 6. Bc4 {My opponent plays
this sharp move regularly against the classical system.} Qb6 {Topalov and
Kramnik played quite a few very instructive games against each other in this
line, we`ll take a look at them below.} 7. Ndb5 (7. Nxc6 {Besides this move
and the text there are also 7.Cde2 and 7.Cb3, both leading to unclear
positions.} bxc6 8. O-O {In their next encounter Kramnik chose} g6 {and after
a complicated struggle the game has evened and produced a draw:} (8... e6 $6 {
after the following game this natural move lost its good reputation.} 9. Qe2
Nd7 10. b3 Be7 11. Bb2 O-O 12. Na4 Qc7 13. f4 Bb7 (13... Bf6 14. Bxf6 Nxf6 15.
e5 $16) 14. Rad1 {White has an easy game and very unpleasant pressure in the
centre and on the kingside.} Rae8 15. Rd3 $1 c5 16. Bb5 $1 {/\ Bd7, Nc5} Bc6
17. Bxc6 Qxc6 18. c4 $16 {and Topalov won a text-book game, see Topalov,
V-Kramnik,V/Novgorod 1996}) 9. e5 $5 dxe5 10. Qe2 Qd4 11. Be3 Qd6 12. Rad1 Qc7
13. f4 Bg4 14. Qf2 e4 15. Rde1 Bf5 16. h3 h5 17. Bd4 Bg7 18. b3 O-O 19. Bxf6
Bxf6 20. Nxe4 Bxe4 21. Rxe4 Qb6 $11 {1/2-1/2 Topalov,V-Kramnik,V/Novgorod 1997}
) 7... Bg4 {A rare move, aimed to provoke f2-f3, after which White won`t be
able to play Fc1-e3 at once.} ({normally Black plays} 7... a6 8. Be3 Qa5 {
or 8...Dd8} 9. Nd4 Ne5 10. Bd3 Neg4 11. Bc1 g6 $13 {in yet another game
between Topalov and Kramnik,Beograd 1995 Inf 65}) 8. f3 (8. Nd5 {deserves
attention here as Black has to give up his bishop:} Nxd5 9. Qxg4 Nf6 10. Qe2 e6
11. Be3 Qa5+ 12. Bd2 Qd8 13. f4 a6 14. Nc3 Qc7 15. Bd3 g6 (15... Be7) 16. O-O
Bg7 17. Kh1 O-O 18. Qf2 Nb4 {but here too Black had no problems in
Velimirovic-Goldin,JUG-chT Niksic 1996}) 8... Bd7 9. Qe2 {It seems that White
has a huge lead in development however by playing a7-a6 and b7-b5 Black chases
the white pieces from the active positions, thus gaining time and obtaining a
good game.} a6 10. Be3 Qa5 11. Nd4 e6 12. O-O-O b5 13. Bb3 b4 $1 {A good move,
Black forces the knight to retreat to a passive position.} (13... Be7 {is slow
and allows White to start an attack on the kingside:} 14. a3 $1 {preventing
b5-b4. White is not afraid to weaken his position on the queenside as the
bishop on b3 makes it very difficult for Black to attack. On the other hand,
g2-g4-g5 is threatening.} O-O 15. g4 Rfc8 16. g5 Ne8 17. Kb1 b4 18. axb4 Nxb4
19. f4 Rab8 20. Qe1 Bf8 21. f5 {and White developed a strong attack and won in
Velimirovic,D-Csom,I/Sombor 1972 Inf 14}) 14. Nb1 {This looks like the only
move but my opponent was thinking for over half an hour in this position,
trying to make a tempting 14.Cd5 work. In the end he made the right choice as
after} (14. Nd5 $6 {White has no sufficient compensation for the sacrificed
knight:} exd5 15. exd5 (15. Nxc6 Bxc6 16. exd5 Bb5 17. Qe1 Be7 18. Bd4 Kf8 $17)
15... Nxd4 16. Bxd4+ Kd8 {and the black king will be safe on c7.}) 14... Be7
15. Nd2 {only this logical move is a novelty here.} (15. g4 {was played in 2
games, one of them was, yes, again Topalov-Kramnik!} Nxd4 (15... O-O $5 16. g5
Nxd4 17. Rxd4 Bb5 18. Qf2 Nd7 19. f4 Bc6 20. Nd2 Nc5 {and Black got a good
position in Bogatirev,L-Khasin,A/RUS-ch sf Omsk 1975}) 16. Rxd4 e5 {led to a
very interesting game in Topalov,V-Kramnik,V/Dos Hermanas 1996 Inf 66}) 15...
Nxd4 (15... Qc7 {is Kramnik`s recommendation in this position. Black is going
to exchange the knights on the next move followed by either Fd7-b5 or a6-a5-a4.
}) 16. Bxd4 Bb5 17. Qe1 ({or} 17. Qe3 Qc7 18. e5 dxe5 19. Bxe5 (19. Qxe5 Qc6
20. Ne4 (20. Qg3 a5 $1) 20... a5 $17) 19... Qc6 20. Ne4 Nxe4 21. Qxe4 Qxe4 22.
fxe4 Rc8 {followed by 23...a5, with a small advantage for Black.}) 17... O-O (
17... Qc7 $5 {again deserved attention here, preventing Cd2-c4, and after} 18.
e5 dxe5 19. Bxe5 Qc6 {we get the position from the previous annotation}) 18.
Nc4 {now White manages to exchange his awkward knight (and this is for the
Black`s good bishop!) and to free himself} Bxc4 (18... Qc7 $2 {doesn`t work
because of} 19. Qxb4 d5 20. Qa5) 19. Bxc4 Rfc8 20. Bb3 Qb5 {threatening 21...a5
} 21. e5 dxe5 22. Qxe5 Qc6 {In this moment I thought that the White`s only
move was 23.Da5 but then 23...Tab8 followed by 24...Tb5 would cut the white
queen from the game completely. However my opponent has found a very good
defensive resourse.} ({I rejected} 22... Bc5 {because of} 23. Bxe6 $1 Bxd4 (
23... fxe6 24. Qxe6+ Kh8 25. Bxf6 gxf6 26. Qxf6+ Kg8 27. Qe6+ Kh8 28. Rd7 Be3+
29. Kb1 Qg5 30. Qe4 Qh6 31. Re1 Bg5 32. Qxb4 $16) 24. Qxb5 axb5 25. Bxc8 Be3+
26. Kb1 Rxc8 27. Rhe1 Bc5 28. Re5 {followed by the kingside pawns advance, and
White is not worse here.}) 23. c3 $1 {Now the bishop can escape to c2. One can
imagine that White wasn`t very happy to play such a move, of course, but it
appears that it`s far from easy for Black to find a way to the white king;
Black`s problem is that the knight can`t join the attack.} a5 ({the variation} 
23... bxc3 24. Bxc3 Bb4 (24... Rab8 25. Kb1) 25. Rd3 a5 26. Rhd1 a4 27. Bc2 a3
28. Bb3 axb2+ 29. Kxb2 Bxc3+ 30. Rxc3 Qb6 31. Rxc8+ Rxc8 32. Qd6 $13 {looks
quite harmless for White.}) 24. Kb1 a4 25. Bc2 bxc3 (25... Bd6 $5 {was a try
to drive the white queen away from the square where it`s so well placed. Still,
after} 26. Qe2 {I don`t see how Black can get an advantage here.} {the line}
bxc3 (26... e5 27. Bxe5 Re8 28. Rxd6 (28. f4 Bxe5 29. fxe5 bxc3 30. Qf3 Qxf3
31. gxf3 Rxe5 32. bxc3 Rc5 $17) 28... Qxd6 29. Bxd6 Rxe2 30. cxb4 Rd2 31. Bg3
Nd5 32. a3 $13 {and the "b" pawn supported by 2 bishops is dangerous.}) 27.
Bxc3 Nd5 {leads to an interesting draw after} 28. Rxd5 $1 Qxd5 (28... exd5 $2
29. Qd3 g6 30. Qd4 $18) 29. Rd1 Qc5 30. Qd3 Be5 31. Qxh7+ Kf8 32. Bxa4 $1 Bxc3
(32... Rxa4 33. Bxe5 $18) 33. Qh8+ Ke7 34. Rd7+ Kf6 35. Qh4+ Kg6 36. Bc2+ f5
37. Qg4+ Kh7 38. Qh5+ Kg8 39. Qf7+ $11) ({the best was probably to defend
g7-pawn by} 25... Bf8 {thus freeing the knight. But there too after} 26. Be4 (
26. Qe2 bxc3 27. Bxc3 Nd5 28. Bd4 (28. Rxd5 exd5 29. Qd3 Qh6) 28... a3 $36)
26... Nxe4 27. Qxe4 Qb5 28. cxb4 Qxb4 29. Rhe1 Ra6 $15 {Black would have
hardly had any advantage.}) 26. Bxc3 Rab8 27. Rd3 $2 {An unfortunate place for
the rook.} ({Much better would`ve been} 27. Rc1 {taking control over the
"c"-file and White has nothing to fear:} Bf8 (27... Bd6 28. Qd4) (27... a3 28.
Bb3) 28. Rhd1 Nd5 29. Bd4 Qe8 30. Bd3 {and it`s Black who has to be careful
here.}) 27... Ba3 (27... a3 $6 {allows the bishop to return to its comfortable
place on b3:} 28. Bb3) (27... Bf8 {is also good:} 28. Rc1 (28. Qe2 Nd5 29. Be5
Rb4) 28... Nd5 29. Bd4 f6 30. Qe4 g6 {threatening 31...Bh6} 31. f4 Rb4 $17 {
and Black`s threats along the "b" and "c"-files are hard to meet.}) 28. Rc1 h6
$2 {A very poor move, wasting time and losing the advantage.} ({First I was
going to play} 28... Rb5 {but I didn`t know what to do after} 29. Qd4 {as I
didn`t see} (29. Bxa4 $2 Rxb2+ $1 30. Ka1 (30. Bxb2 Qxc1+) 30... Rxa2+ 31. Kxa2
Qxa4 {wins easily}) ({or} 29. Qe2 Qxc3 $1 30. Rxc3 Rxb2+ 31. Ka1 Rxc3 32. Qd2
Nd5 $17 {with the decisive advantage for Black.}) 29... Qb7 $1 30. Rdd1 Bxb2
31. Bxb2 Rb8 32. Bxh7+ (32. Qxa4 Rxb2+ 33. Ka1 Nd5) 32... Kxh7 33. Rc2 e5 $17 {
with a very big advantage.}) 29. Bd4 $2 {It`s White`s turn to make a mistake.}
(29. Qd4 {was winning a pawn:} Qc7 30. Qxa4 Be7 31. Qa5 {and White is
definitely better as} Qxh2 {doesn`t work in a view of} 32. Be5) 29... Bd6 30.
Qa5 $1 {Forcing the black rook to a8.} ({after both} 30. Qe2 Qb5) ({and} 30.
Qe1 Qb5 {Black has a strong pressure.}) 30... Ra8 31. Qe1 $1 {this nice
triangle with the queen allows White to hold the balance.} ({after} 31. Qb6
Qxb6 32. Bxb6 Bxh2 {Black wins a pawn as} 33. Ra3 {fails to} Be5 $1 34. Rxa4 (
34. Re1 Bxb2 $1) 34... Rxa4 35. Bxa4 Rb8) 31... Nd5 32. Be5 $4 {But this
mistake throws the game away. White probably wanted to neutralise the 32...Ff4
threat but this bishop on the long diagonal was very important for White and
without it White`s position collapses.} (32. Rdd1 {was simple and strong
threatening 33.Fh7.} {After} Qb7 33. Be4 (33. Qe4 g6 34. Bd3 Bf4 35. Rxc8+ Rxc8
36. g3 Be3 $1) 33... Rxc1+ 34. Rxc1 Rb8 $11 {the position would be about equal.
}) 32... Bxe5 33. Qxe5 Qb5 $1 $19 {now White is helpless against the numerous
threats, the most basic ones are 34...Cc3 and 34...Tc2.} (33... Rab8 $2 {
was met by} 34. Rb3 $3) 34. Re1 {What else?} Rxc2 (34... Rab8 {was also
winning easily}) 35. Rxd5 Rxb2+ 36. Qxb2 Qxd5 {Black extra-pawn and open
position of the white king don`t leave White any chances for survival.} 37. Ka1
a3 (37... Rd8) 38. Qc3 Rb8 39. Rc1 (39. Rb1 Rxb1+ 40. Kxb1 Qd1+ 41. Qc1 Qd3+
42. Qc2 Qb5+ 43. Kc1 Qf1+ 44. Qd1 Qc4+ $1 {it`s more exact then 44...Dg2} (
44... Qxg2 45. Qd8+ Kh7 46. Qd3+ f5 47. Qxa3 Qxh2) 45. Qc2 Qd4 46. Qb3 Qg1+ 47.
Qd1 Qxh2 48. Qd8+ Kh7 49. Qd3+ f5 50. Qxa3 Qxg2 $19 {and the "h" pawn is
unstoppable.}) 39... Rb2 40. Qxa3 Rxg2 {The rest doesn`t require any comments.
The black kingside pawns will decide the game.} 41. h4 Qd4+ 42. Qc3 Qxh4 43.
Rc2 Rg3 44. Qd3 Qf6+ 45. Rc3 g5 46. a4 g4 47. Ka2 Rxf3 48. Rc8+ Kg7 49. Qd1 g3
0-1

[Event "RUS-ch"]
[Site "Elista"]
[Date "1994.??.??"]
[Round "7"]
[White "Sokolov, Andrei"]
[Black "Khasin, Alexander"]
[Result "1-0"]
[WhiteElo "2580"]
[BlackElo "2470"]
[Annotator "Moiseev,V"]
[PlyCount "95"]
[EventDate "1994.09.??"]
[EventType "swiss"]
[EventRounds "11"]
[EventCountry "RUS"]
[SourceTitle "CBM 044"]
[Source "ChessBase"]
[SourceDate "1995.02.01"]
[SourceVersion "1"]
[SourceVersionDate "1995.02.01"]
[SourceQuality "1"]

1. e4 c5 2. Nf3 Nc6 3. d4 cxd4 4. Nxd4 Nf6 5. Nc3 d6 6. Bc4 Qb6 7. Nb3 e6 8.
Bf4 Ne5 9. Be2 (9. Bb5+ Bd7 10. a4 a6 11. Bxd7+ Nfxd7 12. Qe2 Be7 13. O-O O-O
14. a5 Qc7 $10 {Bischoff.K-Lau,R/BL/1993/1:0/59/}) 9... Bd7 (9... Be7) (9... a6
) 10. Be3 $1 (10. O-O Be7 11. Be3 Qc7 12. Nd2 Bc6 13. a4 Ned7 14. f4 O-O 15.
Bf3 Rfd8 $13 {Smirin,I-Ruban,V/Tilburg/1994/0:1/46/}) 10... Qc7 (10... Qd8 11.
f4 $14) 11. Nb5 (11. f4 Nc4) 11... Qb8 12. f4 Neg4 (12... Nc6 13. Bf3 $14) 13.
Bxg4 (13. Nxd6+ $2 Bxd6 14. Bxg4 Bxf4 $17) 13... Bxb5 (13... Nxg4 $2 14. Nxd6+
Bxd6 15. Qxg4 $18) 14. Bf3 Be7 15. Nd4 Bd7 (15... Ba6 16. Qd2 {/\ 17 0-0-0} (
16. c4 $5 Bxc4 17. Qa4+ b5 18. Qc2)) 16. Qd3 Qc7 17. O-O a6 (17... Rc8 $6 18.
Nb5) 18. c4 O-O 19. b4 $1 $14 g6 (19... e5 $6 20. Nf5 Bxf5 21. exf5 exf4 22.
Bxf4 Qb6+ $6 23. Kh1 Qxb4 24. Rab1 $16) (19... Rfd8 $5) 20. Rac1 e5 21. Nb3
Rac8 22. a3 Rfd8 $6 (22... Be6 $5 23. fxe5 (23. Nd2 $6 exf4 24. Bxf4 Nd7) 23...
dxe5 24. c5 $14 (24. Nc5 $5)) 23. f5 $1 gxf5 24. exf5 Kh8 25. Bd5 Be8 26. h3 $6
(26. Rf3 $1 $16 {/\ 27 Rg3,Bh6} Nxd5 $2 27. cxd5 Qd7 28. f6 Bf8 29. Rh3 $18)
26... Nxd5 27. cxd5 Qd7 28. f6 (28. Bb6 $6 Rxc1) 28... Bf8 29. Rf5 Qb5 30. Qd2
(30. Qe4 {/\ 31 Rh5} Qe2 $132) 30... Rxc1+ 31. Nxc1 Qc4 32. Ne2 (32. Bh6 $6 Bd7
33. Bxf8 Rxf8 (33... Bxf5 $2 34. Qh6 Qd4+ 35. Kh1 Qd1+ 36. Kh2 $18) 34. Qh6 Rg8
35. Rh5 Qc2 $17) 32... Bb5 33. Ng3 Rc8 34. Rf2 Qb3 35. Nf5 Bd3 36. Ne7 Rc2 37.
Qe1 Rxf2 38. Qxf2 Be4 $6 (38... Qxa3 $2 39. Qh4 {/\ 40 Bh6} Qa1+ 40. Kh2 Qf1 (
40... e4 41. Qg3 Qe5 42. Bf4 $18) 41. Qg4 $1 (41. Bh6 $2 Bxh6 42. Qxh6 Qf4+ $10
) 41... Bg6 42. Qc8 $18) (38... Bg6 $5) 39. Qg3 Bg6 40. Kh2 Qd3 41. a4 (41. Bc5
$5 Qxg3+ (41... dxc5 $2 42. Qxe5 {/\ 43 Qb8} Qd2 43. Qb8 Qh6 44. bxc5 Be4 45.
Qg3 $1 (45. c6 bxc6 46. dxc6 Bxg2) 45... Bg6 46. c6 bxc6 47. dxc6 Qc1 48. Qd6
$18 {/\ 49 Ng6}) 42. Kxg3 Bxe7 43. fxe7 f6 44. Bxd6 $14) 41... h6 (41... Qe4 $5
42. h4 h5) 42. Bc5 $1 dxc5 $4 (42... Qxg3+ 43. Kxg3 Bxe7 $1 44. fxe7 f6 45.
Bxd6 Be8 $14) 43. Qxd3 Bxd3 44. d6 $18 Bf5 45. Nxf5 Bxd6 46. Nxd6 cxb4 47.
Nxf7+ Kh7 48. Nxe5 1-0

[Event "DEN-ch"]
[Site "Esbjerg"]
[Date "1997.03.29"]
[Round "8"]
[White "Hansen, Sune Berg"]
[Black "Mortensen, Erling"]
[Result "1/2-1/2"]
[WhiteElo "2505"]
[BlackElo "2450"]
[Annotator "Mortensen,E"]
[PlyCount "37"]
[EventDate "1997.03.22"]
[EventType "tourn"]
[EventRounds "9"]
[EventCountry "DEN"]
[EventCategory "10"]
[SourceTitle "CBM 060"]
[Source "ChessBase"]
[SourceDate "1997.09.29"]
[SourceVersion "1"]
[SourceVersionDate "1997.09.29"]
[SourceQuality "1"]

1. e4 c5 2. Nf3 d6 3. d4 cxd4 4. Nxd4 Nf6 5. Nc3 Nc6 6. Bc4 Qb6 7. Nxc6 bxc6 8.
O-O e5 9. Kh1 (9. Bg5 Qxb2 (9... Be7 10. Qd3 O-O 11. b3 Rd8 12. Rad1 Bg4 13.
Be3 Qc7 14. Rd2 Bh5 15. f4 Ng4 16. f5 d5 17. exd5 e4 18. d6 Rxd6 19. Qxe4 Rxd2
{0-1 Neelakantan,N-Annageldiev,O/Calcutta op 1996/EXP 50}) 10. Qd3 Qb6 11. Bxf6
gxf6 12. Nd5 Qd8 13. Ne3 (13. Rab1 Be7 14. Nxe7 Kxe7 15. f4 Qa5 16. Kh1 Rg8 17.
Bxf7 Kxf7 18. Qxd6 Qd8 19. Qxc6 Qd2 20. Rg1 Bd7 21. Qc4+ Ke7 22. fxe5 fxe5 {
Ashley,M-Waitzkin,J/Mermaid Beach Club 1997/CBM 58/[Rechlis,G]/1-0 (76)}) 13...
Bh6 14. Rad1 Ke7 15. Bb3 Be6 16. Nc4 d5 17. Ba4 Rc8 18. Qa3+ c5 {Topalov,
V-Gavrikov,V/Geneva Credit Suisse 1996/EXP 54/1-0 (29)}) 9... Be7 10. f4 O-O
11. Qd3 {After 11. f5 Lb7 12. g4 d5 black is very active.} Qd4 {Probably not
best, as white get some pressure in the ending. The alternative was 11... exf4
12. Lxf4 Sg4 13. Dg3 Dc5 14. Lb3 Se5 followed by Le6 with a defensible
position.} 12. fxe5 dxe5 13. Be3 Qxd3 14. cxd3 Nd7 15. Na4 Rb8 $2 {A blunder.
White wins after 16. Lxa7! (Curt Hansen) Ta8 17. Sb6 Txa7 (17... Sxb6 18. Lxb6
19. Tb8 La5 20. Txb2 Lc3) 18. Sxc8 Txc8 19. Txf7. Also losing is 16... Tb4 17.
b3 c5 18. Tf2 Tb7 19. Taf1.} 16. Bb3 $2 Ba6 17. Rad1 Bb5 18. Nc3 Nc5 19. Nxb5 {
19...Sxb3 20. Sxa7 Sa5 21. Tc1 (21. Ld2 Lb4) Txb2 22. Sxc6 Sxc6 23. Txc6 Txa2 =
} 1/2-1/2

[Event "DEN-ch"]
[Site "Esbjerg"]
[Date "1997.03.22"]
[Round "1"]
[White "Mortensen, Erling"]
[Black "Hansen, Curt"]
[Result "0-1"]
[WhiteElo "2450"]
[BlackElo "2605"]
[Annotator "Mortensen,E"]
[PlyCount "68"]
[EventDate "1997.03.22"]
[EventType "tourn"]
[EventRounds "9"]
[EventCountry "DEN"]
[EventCategory "10"]
[SourceTitle "CBM 060"]
[Source "ChessBase"]
[SourceDate "1997.09.29"]
[SourceVersion "1"]
[SourceVersionDate "1997.09.29"]
[SourceQuality "1"]

1. e4 {Gofshtein,L} c5 2. Nf3 d6 3. d4 cxd4 4. Nxd4 Nf6 5. Nc3 Nc6 6. Bc4 Qb6
7. Nb3 e6 8. Bf4 Ne5 9. Be2 (9. Bb5+ {Gofshtein,L} Bd7 10. Bxd7+ Nfxd7 11. Qe2
a6 12. O-O Qc7 13. Rae1 Be7 14. Bc1 g5 $5 $132 {Milos-Yermolinsky 96,Hroningen}
) 9... Bd7 (9... a6 10. Be3 Qc7 11. f4 Nc4 12. Bxc4 Qxc4 13. Qf3 Be7 (13... e5
{Gofshtein,L} 14. Rf1 $5 exf4 (14... Be7 $2 15. fxe5 dxe5 16. Nd5 $18) (14...
Be6 $5) 15. Qxf4 Be6 16. Bd4 $16) 14. O-O-O O-O 15. g4 a5 $6 (15... Nd7 $142 {
b7-b5}) 16. g5 Nd7 17. a4 $1 Nc5 $6 (17... b6 18. Rhg1 Bb7 19. Qh5 Rfe8 20. Rg3
$16) (17... f5 18. exf5 Rxf5 19. Nd4 Rf7 20. Ndb5 d5 21. Qg3 $16) 18. Nxc5 dxc5
19. f5 $40 {+- Mortensen-Zavoronkov Erewan OL 1996}) 10. Be3 (10. O-O {
Gofshtein,L} Be7 11. Be3 Qc7 12. Nd2 (12. f4 Nc4 13. Bd4 O-O 14. Bxc4 Qxc4 15.
e5 Ne8 $1 $132 {Golubev-Lerner}) 12... O-O 13. f4 Ng6 14. Kh1 Bc6 15. Qe1 d5
16. e5 Ne4 17. Ncxe4 dxe4 18. Nb3 Nh4 $11 {Smirin-Khalifman,1996Iskia}) 10...
Qc7 11. f4 Nc4 12. Bxc4 Qxc4 13. Qf3 Bc6 (13... d5 14. exd5 $14 (14. e5 $14)) (
13... e5 {where white has the interesting option} 14. Rf1 {/\fxe5, Nd5}) 14.
Bd4 (14. Nd4 {Gofshtein,L} Be7 15. O-O-O d5 16. e5 Ne4 $17 {
Saulin-Dragomarezkij.E Moskov 1995}) 14... Be7 (14... Nxe4 $2 15. Nxe4 f5 16.
Qh5+ g6 17. Qe2 $18) 15. O-O-O O-O 16. Rhe1 $14 (16. g4 {Gofshtein,L} d5 17. e5
Ne4) 16... a5 {Curt did not like this move after the game and suggested
immediatly 16... Tfc8.} (16... Rfc8 $142 {Hansen,Cu: With the idea a4 orQa6,
b5.}) 17. Rd3 $1 {Now white can play Sd2, as the bishop on d4 is not hanging
any more.} (17. Bxf6 $2 {Gofshtein,L} Bxf6 18. Rxd6 a4 19. Nd2 Qc5 $17) 17...
Rfc8 18. Nd2 (18. Qh3 $2 Nxe4 (18... Nxe4 $1 {Gofshtein,L} 19. Nxe4 Bxe4 20.
Rxe4 Qd5 $17)) (18. Kb1 $142 b5 $4 19. Nd2 $18) 18... Qa6 19. Qh3 (19. g4 {
Gofshtein,L} b5 $132) 19... b5 20. Rg3 {Threatening 21. Dh6 with a strong
attack.} (20. e5 {Gofshtein,L} dxe5 21. fxe5 Nd5 $132) 20... b4 (20... Kh8 21.
Nf3 {followed by Ng5 is unpleasant for black.}) 21. Nd5 $5 {I could not resist
this sacrifice.} (21. Nd1 $142 {when whites attacking chances are superior.})
21... exd5 22. exd5 Bd7 {The critical position.} 23. Qh6 ({Unfortunately the
nice variation} 23. Rxg7+ $2 Kxg7 24. Qg3+ Kf8 25. Rxe7 Kxe7 26. Bxf6+ Kxf6 27.
Qg5#) ({fails to} 23. Rxg7+ Kxg7 24. Qg3+ Kf8 25. Rxe7 Nh5 $1 $19) ({White
should sacrifice the queen:} 23. Bxf6 Bxh3 24. Rxg7+ Kf8 25. Rxe7 {with at
least a perpetual.}) (23. Bxf6 {I did not like} Bxf6 {when black has
compensation for the pawn. Possible is} 24. Qxd7 Qb6 25. Ne4 Qd4 26. Nxf6+ Qxf6
{with the idea a4-a3.}) 23... Rxc2+ $1 24. Kxc2 (24. Kb1 $2 {Gofshtein,L} g6
25. Rxe7 Bf5 26. Bxf6 (26. Ne4 Bxe4 27. Rxe4 Rac8 28. Re1 Qe2 29. Re3 Qd2 30.
a3 b3 $19) 26... Rxd2+ 27. Kc1 Rc2+ 28. Kd1 Qf1+ 29. Re1 Rc1+ $19) (24. Kd1 {
Gofshtein,L} Rc1+ 25. Kxc1 Qc8+) 24... Qc8+ ({Also good was} 24... Bf5+ {/\Bg6}
) 25. Kb3 {very risky, but} (25. Kb1 Bf5+ 26. Ka1 Bg6 27. Qh3 (27. Qh4 {
Gofshtein,L} Nxd5 28. Qh3 (28. Qg4 Qxg4 29. Rxg4 f5 30. Rg3 Bh4 $17) 28... Qxh3
(28... Qc2 29. Nb1 Nxf4 30. Qd7 Bf8 $17) 29. Rxh3 Nxf4 30. Rhe3 Ne6 $17) 27...
Qc2 {with the idea Tc8 is winning for black. The white queen does not
participate in the battle.}) 25... Bg4 26. Rxg4 ({The queen is lost after} 26.
Qg5 h6 27. Qh4 a4+ 28. Kxb4 Nxd5+) (26. Rxe7 $2 {Gofshtein,L} Bd1#) (26. Qh4 {
Gofshtein,L} a4+ 27. Kxb4 Nxd5+ $19) 26... a4+ 27. Kxb4 Nxd5+ 28. Ka3 Qxg4 29.
Qh3 Qxf4 30. Qd3 Bf8 31. g3 {Time trouble.} ({but also} 31. Rf1 Qg4 {is
winning for black.}) (31. Re4 {Gofshtein,L} Nb4 $1 32. Rxf4 (32. Qc3 d5 $1 33.
Rxf4 Nc2#) 32... Nxd3 33. Rg4 d5+) 31... Qg4 32. Qc4 Ne3 33. Qd3 d5+ 34. b4
Qxd4 0-1